Noticia abreviada del establecimiento de aguas y baños minero-medicinales de Carlos III en la villa de Trillo (Record no. 154632)

MARC details
000 -LEADER
campo de control de longitud fija 01073nam a22002175i 4500
001 - NÚMERO DE CONTROL
campo de control 154632
003 - IDENTIFICADOR DE NÚMERO DE CONTROL
campo de control ES-MaACL
005 - FECHA Y HORA DE LA ÚLTIMA TRANSACCIÓN
campo de control 20250816063144.0
008 - DATOS DE LONGITUD FIJA--INFORMACIÓN GENERAL
campo de control de longitud fija 030117q18521900sp |||| | spa d
040 ## - FUENTE DE CATALOGACIÓN
Centro catalogador/agencia de origen CCPB | B
Lengua de catalogación spa
Centro/agencia transcriptor CCPB | B
100 2# - ENTRADA PRINCIPAL--NOMBRE DE PERSONA
Nombre de persona González y Crespo, Mariano José,
Fechas asociadas al nombre 1794-1868
9 (RLIN) 127450
245 10 - MENCIÓN DEL TÍTULO
Título Noticia abreviada del establecimiento de aguas y baños minero-medicinales de Carlos III en la villa de Trillo
Resto del título : con un estado general de los enfermos que han concurrido en veintidos temporadas consecutivas, y de los efectos producidos por el remedio mineral en las dolencias que padecían.
260 ## - PUBLICACIÓN, DISTRIBUCIÓN, ETC.
Lugar de publicación, distribución, etc. [S.l. :
Nombre del editor, distribuidor, etc. s.n.,
Fecha de publicación, distribución, etc. s.a.]
300 ## - DESCRIPCIÓN FÍSICA
Extensión 16 p. ;
Dimensiones 20 cm.
594 ## - Nota al título y mención de responsabilidad
Nota al título y mención de responsabilidad Autor obtenido de Palau: Mariano José Gonzalez y Crespo.
596 ## - NOTA AL PIE DE IMPRENTA
NOTA AL PIE DE IMPRENTA En p. 6 consta el año 1852.
596 ## - NOTA AL PIE DE IMPRENTA
NOTA AL PIE DE IMPRENTA Segun Palau impreso por Alejandro Gomez Fuentenebro.
650 ## - PUNTO DE ACCESO ADICIONAL DE MATERIA--TÉRMINO DE MATERIA
Término de materia o nombre geográfico como elemento de entrada Aguas minerales-
Subdivisión geográfica Trillo (Guadalajara)
9 (RLIN) 172328
852 ## - LOCALIZACIÓN
Ubicación ES-MaACL
Número de control de estantería T-356-F-15
Nota libre -- Enc. hol., falto de la cub. original
-- -- Enc. en un vol. facticio
Holdings
Estatus retirado Estado de pérdida Estado de daño No para préstamo Colección Biblioteca de origen Biblioteca actual Ubicación en estantería Fecha de adquisición Total de préstamos Signatura topográfica completa Código de barras Visto por última vez Precio de reemplazo Tipo de ítem Koha
        Colección de folletos Biblioteca del Ateneo de Madrid Biblioteca del Ateneo de Madrid Depósito folletos 17/01/2008   T-356-F-15 1161731 23/02/2023 23/02/2023 Folleto